| 000 | 00386pab a2200145 454500 | ||
|---|---|---|---|
| 008 | 180718b1987 xxu||||| |||| 00| 0 eng d | ||
| 100 | _aSmith, Robert | ||
| 245 | _aMeeting privatisation of refuse collection equal ground | ||
| 260 | _c1987 | ||
| 300 | _a28-30 | ||
| 362 | _aSept. | ||
| 650 | _aMunicipal Service - Service contracts | ||
| 773 | _aManagement Services | ||
| 909 | _a13977 | ||
| 999 |
_c13977 _d13977 |
||